Landlord Protect Ltd v Dolman and Others (Record no. 78788)

MARC details
000 -LEADER
fixed length control field 01244cab a22002175a 4500
001 - CONTROL NUMBER
control field L138110
008 - FIXED-LENGTH DATA ELEMENTS--GENERAL INFORMATION
fixed length control field 070517e20070505xxk f w 000 0 eng d
035 ## - SYSTEM CONTROL NUMBER
System control number (Sirsi) u138110
041 0# - LANGUAGE CODE
Language code of text/sound track or separate title eng
110 2# - MAIN ENTRY--CORPORATE NAME
Corporate name or jurisdiction name as entry element Marshall, Hazel
245 00 - TITLE STATEMENT
Title Landlord Protect Ltd v Dolman and Others
260 ## - PUBLICATION, DISTRIBUTION, ETC.
Date of publication, distribution, etc. 2007
490 ## - SERIES STATEMENT
Series statement Estates Gazette
Volume/sequential designation [2007] 19 EG 154 (CS) (1)
520 ## - SUMMARY, ETC.
Summary, etc. Considers whether it is unreasonable for freeholders to require personal guarantee as condition of consent or whether income from sublessees represents adequate security. L contended that D had unreasonably withheld their consent. "Held": The claim was dismissed. The freeholders were not sufficiently protected by the subleases as L had no assets other than the headlease. D had a right to a straightforward guarantee that rent would be paid when due. They had not acted unreasonably by rejecting a three-year limit on that guarantee as it would be needed outside that period.
590 ## - LOCAL NOTE (RLIN)
Local note KA
650 24 - SUBJECT ADDED ENTRY--TOPICAL TERM
Topical term or geographic name entry element LANDLORD PROTECT LTD V DOLMAN AND OTHERS
650 24 - SUBJECT ADDED ENTRY--TOPICAL TERM
Topical term or geographic name entry element INTERNATIONAL DRILLING FLUIDS LTD V LOUISVILLE INVESTMENTS (UXBRIDGE) LTD
651 #4 - SUBJECT ADDED ENTRY--GEOGRAPHIC NAME
Geographic name England and Wales
Chronological subdivision 1543-
690 ## - LOCAL SUBJECT ADDED ENTRY--TOPICAL TERM (OCLC, RLIN)
Topical term or geographic name as entry element PROPERTY-COMMERCIAL PROPERTY-COMMERCIAL LANDLORD AND TENANT
942 ## - ADDED ENTRY ELEMENTS (KOHA)
Suppress in OPAC 0
Holdings
Withdrawn status Lost status Source of classification or shelving scheme Damaged status Not for loan Home library Current library Shelving location Date acquired Total Checkouts Full call number Barcode Date last seen Copy number Price effective from Koha item type
    Dewey Decimal Classification     London London Journal article 17/05/2007   L138110 138110-2001 06/08/2019 1 06/08/2019 Law report